000 00643nam a2200169 a 4500
008 060629s2005 ||||||||||||||||| || u
050 _aIBRD(08)PRWP/3705
100 _aRaich, Uri
245 1 0 _aFiscal determinants of empowerment
260 _aWashington, D. C
_bWorld Bank
_c2005
300 _a36p.;ill.
350 _a0.00
490 _aWorld Bank policy research working papers
650 0 _aECONOMICS
650 _aFISCAL DETERMINANTS--RESEARCH--EMPOWERMENT
995 _D0.00
_FCBU-MAIN LIBRARY (Kitwe)
_H1
_I0.00
_M1
_UAVAILABLE
_WJun 29, 2006
_ZInternational Publications
999 _c43580
_d43580